000 00742nam a2200241Ia 4500
003 GCL
008 140319s9999 xx 000 0 ara d
040 _aGCL /
_cGCL
082 0 4 _a371.102
_bج م
100 1 _aجابر عبدالحميد جابر
245 1 0 _aمهارات التدريس /
_cجابر عبدالحميد جابر
700 1 _aفوزى زاهر
700 1 _aسليمان الخضرى الشيخ
260 _aالقاهرة :
_bدار النهضة العربية ،
_c1991
300 _a446 ص ؛
_c24 سم
490 _a
650 0 4 _aطرق التدريس
650 0 4 _aالتربية
650 0 4 _aالتدريس
650 0 4 _aالتعليم - مناهج
650 0 4 _aالمدرسون
942 _2ddc
_cBK
999 _c27752
_d27752